Ingreso nacional y ocupación

Gorde:
Xehetasun bibliografikoak
Egile nagusia: Collery, Arnold (Egilea)
Formatua: Liburua
Hizkuntza:gaztelania
Argitaratua: Buenos Aires Amorrortu 1970
Saila:Biblioteca de Economía Política
Gaiak:
Etiketak: Etiketa erantsi
Etiketarik gabe, Izan zaitez lehena erregistro honi etiketa jartzen!

MARC

LEADER 00000nam a2200000 a 4500
001 UCR8701
003 CL-VaPUC
008 980529e19700000AG |||||||||||||||||spa|d
082 0 4 |a 339.2  |b COL  |2 21 
100 0 |a Collery, Arnold  |e author  |9 410798 
245 1 0 |a Ingreso nacional y ocupación 
300 |a 189 p 
942 |c BK 
945 |d 19980529 00:00:00  |a crobeson 
260 |a Buenos Aires  |b Amorrortu  |c 1970 
650 7 |a INGRESO NACIONAL  |2 CL-VaPUC  |9 334289 
650 0 |a Producción   |9 263680 
650 0 |a Teoría económica  |9 315055 
650 0 |a Política monetaria  |9 258279 
650 0 |a Política fiscal  |9 317354 
650 0 |a Gasto público  |9 335386 
650 7 |a DESOCUPACION  |2 CL-VaPUC  |9 371819 
650 0 |a Inflación   |9 257218 
650 7 |a COMERCIO INTERNACIONAL  |2 CL-VaPUC  |9 410799 
650 0 |a Macroeconomía   |9 260301 
583 |a last modification  |c 19980529 00:00:00  |k Rodrigo Vera 
490 0 |a Biblioteca de Economía Política 
999 |c 270097  |d 270095 
952 |0 0  |1 0  |4 0  |6 339_200000000000000_COL_1970  |7 0  |8 A  |9 304217  |a BIBENE  |b BIBENE  |d 2019-11-20  |i 140542K  |o 339.2 COL 1970  |p 140542K  |r 2025-01-15  |w 2019-11-20  |y BK  |k ICO